Komunikačná pripravenosť samospráv SR na realizáciu regionálnej politiky EÚ

Vnútorné komunikačné prostredie ovplyvňujúce externú komunikáciu pracovníkov, ktorí prostredníctvom rôznych komunikačných nástrojov komunikujú základné ciele európskej regionálnej politiky. Komparatívna analýza vnútorného komunikačného prostredia a komunikačnej pripravenosti samospráv Slovenskej rep...

Description complète

Enregistré dans:
Détails bibliographiques
Auteur principal: Juriková, Benita, 1973-
Format: Chapitre de livre
Langue:slovaque
Sujets:
Tags: Ajouter un tag
Pas de tags, Soyez le premier à ajouter un tag!

MARC

LEADER 00000naa$a2200000$$$4500
001 0054932
005 20240502083137.7
041 0 |a slo 
044 |a CZ 
245 1 0 |a Komunikačná pripravenosť samospráv SR na realizáciu regionálnej politiky EÚ  |c Benita Juriková 
520 |a Vnútorné komunikačné prostredie ovplyvňujúce externú komunikáciu pracovníkov, ktorí prostredníctvom rôznych komunikačných nástrojov komunikujú základné ciele európskej regionálnej politiky. Komparatívna analýza vnútorného komunikačného prostredia a komunikačnej pripravenosti samospráv Slovenskej republiky na realizáciu cieľov regionálnej politiky. Výsledky prieskumu. Silné a slabé stránky interného komunikačného prostredia. Problémy, ktoré charakterizujú interné komunikačné prostredie samospráv. Navrhované riešenia. 
610 2 0 |a samospráva 
610 2 0 |a správa verejná 
610 2 0 |a rozvoj regionálny 
610 2 0 |a komunikácia interná 
610 2 0 |a komunikácia externá 
610 2 0 |a informácie 
610 2 0 |a zamestnanci 
610 2 0 |a vzdelanie 
610 2 0 |a technológie informačné 
610 2 0 |a technológie komunikačné 
100 1 |a Juriková, Benita, 1973-